La precaridad siempre existente /

A través de un recorrido histórico, este artículo pretende demostrar que la condición de precariedad del trabajo es endémica en la sociedad capitalista moderna. A partir de la reducción del Estado en las décadas de los 60's y 70's, ha renacido la precariedad extrema en las condiciones lab...

Szczegółowa specyfikacja

Zapisane w:
Opis bibliograficzny
1. autor: Gómez Solórzano, Marco Augusto
Format: Texto
Wydane: Buenos Aires: Universidad de Ciencias Empresariales y Sociales
Hasła przedmiotowe:
Etykiety: Dodaj etykietę
Nie ma etykietki, Dołącz pierwszą etykiete!

MARC

LEADER 00000 a a2200000 04500
001 46959
003
040
090 |a 05.03.03 B958p  
100 |a Gómez Solórzano, Marco Augusto  
245 |a La precaridad siempre existente /  |c Marco Augusto Gómez Solórzano  
260 |a Buenos Aires:   |b Universidad de Ciencias Empresariales y Sociales  
520 |a A través de un recorrido histórico, este artículo pretende demostrar que la condición de precariedad del trabajo es endémica en la sociedad capitalista moderna. A partir de la reducción del Estado en las décadas de los 60's y 70's, ha renacido la precariedad extrema en las condiciones laborales y de vida de los individuos.Con ejemplos de precariedad laboral como los suscitados en Francia desde 1973 con los contratos laborales de duración intermedia (CDI) y en México con la gran oleada de migración tanto interna como internacional, se ejemplifica el impacto que ha llegado a tener la precarización laboral y los conflictos que ello puede provocar en una sociedad.Salvo el decil poblacional más alto de nuestras sociedades, nadie escapa a los efectos nocivos de la precariedad, y es la precariedad del trabajo la que provoca la precariedad de la vida entera de la sociedad, lo que algunos denominan la sociedad de riesgo. 
590 |a Silvia/11122014  
650 |a Condiciones de trabajo  
650 |a Macrotesauro de la OCDE/  
650 |a Estado benefactor  
650 |a CIDCSO/  
650 |a Fordismo  
650 |a CIDCSO/  
650 |a Neoliberalismo  
650 |a CIDCSO/  
650 |a Trabajo  
650 |a Macrotesauro de la OCDE  
773 |g páginas 33-44  
999 |c 21214  |d 21214